Hogan's Heroes - Statistics

General Stats
  • This quiz has been taken 229 times
  • The average score is 14 of 21
Answer Stats
Hint Answer % Correct
The leader of the group Colonel Robert E. Hogan
98%
Kommandant Colonel Wilhelm Klink
97%
Name of Prison Stalag 13
94%
Number of seasons 6
92%
Based on what event World War II
92%
Pick pocket, safe picker, magician Corporal Peter Newkirk
85%
Small, cooks well Corporal Louis Lebeau
82%
Explosives Technical Sergeant Andrew Carter
78%
Fat Sergeant of the Guard Sergeant Hans Georg Shultz
75%
Klink's secretaries Fräulein Helga
68%
General^ who doesn't like the kommandant General Albert Hans Burkhalter
68%
Fräulein Hilda
66%
Communication* Staff Sergeant James Kinchloe
63%
Replaces * in Season 6 Sergeant Richard Baker
57%
Leader of French Underground Tiger
57%
Near what town Hammelburg
55%
Gestapo major Major Wolfgang Hochstetter
54%
Frustrating American colonel Colonel Rodney Crittendon
48%
Not trusted Russian spy Marya
40%
Number of episodes 168
36%
^ sister Frau Gertrude Linkmeyer
28%
No matching quizzes found
Score Distribution
Percent of People with Each Score
Percentile by Number Answered
Your Score History
You have not taken this quiz